000 00485 a2200121 4500
001 ART_43097
005 20260410161737.0
008 260409a
245 1 0 _aCrecimiento bajo protesta
100 1 _aGoldín, Pablo
700 1 _aFraga, Rosendo
773 0 _tEjecutivos de finanzas
_gPreparando a la empresa para enfrentar los nuevos desafíos. Finanzas e identidad en la aldea global. Pymes francesas frente a la transición - Año 13, Nº 138 (ago. 1997)
_wREV2863
999 _c18432
_d18432